|
|
|
|
| LEADER |
00000nam a2200000 4500 |
| 001 |
vtls011763124 |
| 003 |
SK-MaSNL |
| 005 |
20260331211107.0 |
| 008 |
180620s2017 xo o e c 000 0 slo |
| 015 |
|
|
|a SNBE2018
|
| 020 |
|
|
|a (zložený list)
|
| 040 |
|
|
|a SNK
|b slo
|c SNK
|e rda
|
| 041 |
0 |
|
|a slo
|
| 043 |
|
|
|a e-xo---
|
| 044 |
|
|
|a xo
|c SK
|
| 072 |
|
7 |
|a 72/76
|x Výtvarné umenie
|2 konspekt
|
| 080 |
|
|
|a (083.824)
|2 2011
|
| 080 |
|
|
|a 75(437.6)
|2 2011
|
| 080 |
|
|
|a 741/744(437.6)
|2 2011
|
| 080 |
|
|
|a 76(437.6)
|2 2011
|
| 080 |
|
|
|a 7.036/.038
|2 2011
|
| 080 |
|
|
|a (437.6)
|2 2011
|
| 100 |
1 |
|
|a Eckerdt, Alexander,
|d 1932-1992
|4 art
|9 36946
|
| 245 |
1 |
0 |
|a Alexander Eckerdt (1932-1992)
|b hra s mesiacom - maľba/kresba/grafika : otvorenie výstavy 14.9.2017/18.00 : Východoslovenská galéria, Hlavná 27, Košice : trvanie výstavy do 19.11.2017
|c kurátor Peter Markovič
|
| 246 |
3 |
0 |
|a Hra s mesiacom - maľba/kresba/grafika
|
| 264 |
|
1 |
|a Košice
|b Východoslovenská galéria
|c 2017
|
| 300 |
|
|
|a 1 zložený list (12 strán)
|b fotografie
|c 30 x 84 cm zložené na 30 x 14 cm
|
| 336 |
|
|
|a text
|b txt
|2 rdacontent
|
| 337 |
|
|
|a bez média
|b n
|2 rdamedia
|
| 338 |
|
|
|a zväzok
|b nc
|2 rdacarrier
|
| 600 |
1 |
7 |
|a Eckerdt, Alexander,
|d 1932-1992
|2 SNKMA
|9 36946
|
| 648 |
|
7 |
|a 20. storočie
|2 SNKPH
|9 278343
|
| 648 |
|
7 |
|a 20th century
|2 SNKPHeng
|9 277995
|
| 650 |
0 |
7 |
|a slovenské maliarstvo
|2 SNKPH
|9 3124
|
| 650 |
0 |
7 |
|a slovenská kresba
|2 SNKPH
|9 88536
|
| 650 |
0 |
7 |
|a slovenská grafika
|2 SNKPH
|9 31108
|
| 650 |
0 |
7 |
|a moderné umenie
|2 SNKPH
|9 68456
|
| 650 |
0 |
7 |
|a Slovak painting
|2 SNKPHeng
|9 302574
|
| 650 |
0 |
7 |
|a Slovak drawing
|2 SNKPHeng
|9 314850
|
| 650 |
0 |
7 |
|a Slovak prints
|2 SNKPHeng
|9 302575
|
| 650 |
0 |
7 |
|a Modern art
|2 SNKPHeng
|9 294689
|
| 651 |
|
7 |
|a Slovensko
|2 SNKPH
|9 14231
|
| 651 |
|
7 |
|a Slovakia
|2 SNKPHeng
|9 92630
|
| 655 |
|
7 |
|a katalógy výstav
|2 SNKPH
|9 70445
|
| 655 |
|
7 |
|a Exhibition catalogs
|2 SNKPHeng
|9 266232
|
| 700 |
1 |
|
|a Markovič, Peter,
|d 1974-
|4 aut
|4 cur
|9 217075
|
| 999 |
|
|
|c 856502
|d 858432
|
| 952 |
|
|
|a SNK
|b SNK
|y PREZ
|7 0
|p 17A1332526
|o snkOSB 19167
|i snk2018/13329
|8 0
|0 0
|1 0
|4 0
|d 2018-06-20
|l 0
|r 2026-02-24 04:59:20
|w 2026-02-24
|
| 952 |
|
|
|a SNK
|b SNK
|y VYP
|7 0
|p 17A1332527
|o snkOSB 19167 D1
|i snk2018/13330
|8 0
|0 0
|1 0
|4 0
|d 2018-06-20
|l 0
|r 2026-02-24 04:59:20
|w 2026-02-24
|